Sports Quiz

Random Sports or WWE Quiz

One-And-Done Wrestlemania Quiz Stats

 Plays Quiz not verified by Sporcle

Challenge
Share
Tweet
Embed
Score 0/173 Timer 20:00
0 Plays Today
Wrestler % Correct
Mo
49.9%
Ronda Rousey
49.2%
Stephanie McMahon
45.1%
Red Rooster
44.5%
Lawrence Taylor
44%
Arn Anderson
43.8%
Dusty Rhodes
41.9%
SD Jones
38%
Shinsuke Nakamura
38%
Marcus Cor Von
37.3%
Asuka
37.3%
Haiti Kid
35.9%
The Executioner
35.8%
Sting
35%
Tama
34%
Floyd Mayweather Jr
33.4%
Hoss Funk
33.4%
Flash Funk
33.2%
Finn Balor
32.5%
Giant Gonzalez
31.7%
David Sammartino
30.8%
Bruno Sammartino
30.7%
Gobbledy Gooker
30.5%
Jey Uso
30.4%
Jimmy Uso
30.4%
Crash Holly
29.6%
Bobby Roode
29.5%
Jerry 'The King' Lawler
29%
Rick Steiner
27.9%
Scott Steiner
27.9%
Karl Anderson
27.8%
Dink
27.6%
Michael Cole
27.4%
Tommy Dreamer
27.1%
Wendi Richter
27.1%
Sandman
27%
Sabu
26.6%
William Perry
26.1%
Sensational Queen Sherri
25.7%
Luke Gallows
25.3%
Nicholas
24.9%
Cowboy Bob Orton Jr.
24.7%
Snooki
24.5%
Tully Blanchard
24.4%
Tamina Snuka
24.4%
Akebono
23.7%
Fabulous Moolah
23.6%
Bayley
23.4%
Tori
23.3%
Velvet McIntyre
23.1%
Adam Rose
22.9%
Rhyno
22.2%
Baron Corbin
22%
Sapphire
21.9%
Samu
21.8%
The Kat
21.8%
Raven
21.8%
Enzo Amore
21.7%
Wrestler % Correct
Big Cass
21.7%
Kim Chee
21.5%
Ryback
21.3%
Darren Young
21%
Little Beaver
21%
Ted DiBiase Jr
21%
Dean Malenko
20.7%
Perry Saturn
20.7%
Chainz
20.3%
Paige
19.8%
Alundra Blayze
19.7%
Ivory
19.2%
Elijah Burke
18.9%
Skinner
18.9%
Bo Dallas
18.7%
Jim Cornette
18.5%
The Goon
18.5%
Little Tokyo
18.4%
Sika
18.4%
Texas Tornado
18.4%
Curtis Axel
18.3%
Garrison Cade
18%
Kamala
17.9%
Sin Cara
17.9%
Lord Littlebrook
17.9%
Kevin Thorn
17.9%
Butterbean
17.8%
Ezekiel Jackson
17.7%
Carmella
17.7%
Adam Bomb
17.6%
Terri Runnels
17.4%
Ultimo Dragon
17.4%
Titus O'Neil
17.4%
Brother Love
17.2%
Maven
17.2%
Stacy Keibler
16.7%
Mr. Fuji
16.6%
Lita
16.5%
Billy Kidman
16.4%
Marc Mero
16.4%
Pete Gas
16.1%
Uncle Elmer
16%
Chuck
15.9%
Ronnie Garvin
15.9%
Billy Jack Haynes
15.9%
Boogeyman
15.8%
Akio
15.5%
Evan Bourne
15.5%
Joey Abs
15.5%
Mark Jindrak
15.3%
Shaquille O'Neal
15.2%
Tom Zenk
15.1%
Rodney
14.9%
Sunny
14.8%
Tyler Breeze
14.7%
Matt Striker
14.6%
Genichiro Tenryu
14.6%
Jamie Noble
14.4%
Wrestler % Correct
Michael Hayes
14.1%
Chris Masters
14%
Tyson Kidd
13.9%
Tanaka
13.9%
Tajiri
13.8%
Jillian Hall
13.7%
Ernie Holmes
13.6%
George Wells
13.4%
Candice Michelle
13.2%
Christy Hemme
13.2%
Shannon Moore
13.2%
Ron Bass
12.9%
Bill Fralic
12.9%
Aguila
12.7%
Danny Basham
12.7%
Doug Basham
12.7%
Doug Furnas
12.6%
Phil LaFon
12.5%
Eva Marie
12.4%
Pedro Morales
12.4%
Ricky Morton
12.4%
Cameron
12.2%
Jimbo Covert
12.2%
Tony Atlas
12.2%
Robert Gibson
12.2%
Maria Menounos
12%
Rene Dupree
12%
Harvey Martin
11.7%
Miguel
11.4%
Corporal Kirchner
11.4%
Damien Sandow
11.3%
Duke 'The Dumpster' Droese
11.3%
Sam Houston
11.3%
Koji Kitao
11.2%
Sato
10.8%
Brodus Clay
10.8%
Jose
10.7%
Ken Patera
10.7%
Nunzio
10.7%
Rob Conway
10.4%
Emma
10.1%
Sharmell
9.7%
Jim Powers
9.5%
Konnor
8.9%
Viktor
8.9%
Russ Francis
8.7%
Danny Spivey
8.6%
Ted Arcidi
8.5%
Summer Rae
8.5%
Aksana
8.4%
Jesus
8.2%
Sniper
8%
Yoshi Tatsu
7.2%
Brad Maddox
6.5%
Joy Giovanni
5.5%
Katie Lea Burchill
5.5%
Tiffany
3.9%

You're not logged in!

Compare scores with friends on all Sporcle quizzes.
Join for Free
OR
Log In

You Might Also Like...

Show Comments

Extras

Top Quizzes Today


Score Distribution

Your Account Isn't Verified!

In order to create a playlist on Sporcle, you need to verify the email address you used during registration. Go to your Sporcle Settings to finish the process.

Report this User

Report this user for behavior that violates our Community Guidelines.

Details: